International trade by commodity statistics 1995/2000 Hungary, Ireland, Italy, Japan, New Zealand, Spain, USA

Salvato in:
Dettagli Bibliografici
Natura: Libro
Lingua:inglese
francese
Pubblicazione: Paris OECD 2001
Serie:Statistics
Soggetti:
Tags: Aggiungi Tag
Nessun Tag, puoi essere il primo ad aggiungerne!!

MARC

LEADER 00000nam a2200000 4500
001 c130017
005 20240422081642.6
020 |a 92-64-09112-2 
022 |a 1028-8376 
041 0 |a eng 
041 0 |a fre 
044 |a FR 
245 1 0 |a International trade by commodity statistics 1995/2000  |b Hungary, Ireland, Italy, Japan, New Zealand, Spain, USA 
264 1 |a Paris  |b OECD  |c 2001 
300 |a 549 s. 
490 1 |a Statistics 
830 0 |a Statistics 
610 2 0 |a obchod medzinárodný 
610 2 0 |a komodity 
610 2 0 |a Maďarsko 
610 2 0 |a Írsko 
610 2 0 |a Taliansko 
610 2 0 |a Japonsko 
610 2 0 |a Nový Zéland 
610 2 0 |a Španielsko 
610 2 0 |a USA